000
00280nam a2200121Ia 4500
008
190216s9999||||xx |||||||||||||| ||und||
100
_a
Ulloor S Parameswara Aiyer
245
0
_a
Pingala
260
_b
Ulloor Publishers
_c
1966
300
_a
15p
650
_a
Kavithkal
942
_c
BK
999
_c
23867
_d
23867